000 00772nam a2200265Ia 4500
003 OSt
005 20220928124549.0
006 a|||||r|||| 00| 0
007 ta
008 220927b |||||||| |||| 00| 0 eng d
020 _c240
024 _a114441
037 _b203, 25/01/2012, Classic Book Service
_cTextual
040 _aSDCL
_cSDCL
_beng
041 _2eng
_aeng
082 _aX:9.2'P1g, Q2
100 _aMuthuswamy
_9387386
245 0 _aSwamy's handbook for central government servants.
260 _aChannai
_bSwamy
_c2012
300 _axvi,368p
_ccm.
650 _aReference
700 _a Brinda
_9387387
942 _hX:9.2'P1g, Q2
_cTEXL
_2CC
999 _c779102
_d779102